| 000 | 00556cam a22002172 4500 | ||
|---|---|---|---|
| 001 | 0000005094 | ||
| 005 | 20151217151952.0 | ||
| 008 | 070606s xx 000 0 eng d | ||
| 020 | _a0727713132 : | ||
| 040 |
_aKABU _cKABU |
||
| 050 | 0 |
_aTA715 _b.H67 1988 |
|
| 100 | 1 |
_aHorner, P. C. _@0000156171 |
|
| 245 | 1 | 0 | _aEarthworks. |
| 250 | _a2nd ed. | ||
| 260 |
_aLondon : _bThomas Telford, _c1988. |
||
| 300 | _a62 p. | ||
| 650 | 0 |
_aEarthworks. _@0000156172 |
|
| 908 | _a070606 | ||
| 950 | _@1 | ||
| 999 |
_c6843 _d6843 |
||